Flag maps of Japan - Statistics

General Stats
  • This quiz has been taken 5 times
  • The average score is 44 of 68
Answer Stats
Picture Answer % Correct
Akita
100%
Aomori
100%
Chiba
100%
Fukui
100%
Fukuoka
100%
Fukushima
100%
Gifu
100%
Hiroshima
100%
Hokkaido
100%
Hyogo
100%
Kagoshima
100%
Kanagawa
100%
Kumamoto
100%
Mie
100%
Nagano
100%
Nagasaki
100%
Niigata
100%
Oita
100%
Okayama
100%
Okinawa
100%
Osaka
100%
Saga
100%
Shizuoka
100%
Tokushima
100%
Tokyo
100%
Tottori
100%
Toyama
100%
Aichi
80%
Ehime
80%
Gunma
80%
Ibaraki
80%
Ishikawa
80%
Iwate
80%
Japan
80%
Kagawa
80%
Kochi
80%
Kyoto
80%
Miyagi
80%
Miyazaki
80%
Nara
80%
Saitama
80%
Shiga
80%
Shimane
80%
Yamagata
80%
Yamaguchi
80%
Yamanashi
80%
Tochigi
60%
Wakayama
40%
Betsukai
20%
Chita
20%
Naka
20%
Taketomi
20%
Yonaguni
20%
Haruhi
0%
Higashiura
0%
Hōrai
0%
Kiyosu
0%
Kiyosu
0%
Nishibiwajima
0%
Shibecha
0%
Shikokuchuo
0%
Shinshiro
0%
Shinshiro
0%
Shitara
0%
Shitara
0%
Tokai
0%
Tsugu
0%
Tsukude
0%
No matching quizzes found
Score Distribution
Percent of People with Each Score
Percentile by Number Answered
Your Score History
You have not taken this quiz